000
00229nam a22001097a 4500
082
_a
620 WAL'E
100
_a
WALKER, J. D
_9
57261
245
_a
ENGINEERING SCIENCE
260
_a
LONDON
_b
EUP
_c
1963
300
_a
171P
942
_c
BK
999
_c
567556
_d
567556